| 000 | 01020nam a2200253 i 4500 | ||
|---|---|---|---|
| 001 | 88140 | ||
| 003 | ES-MaACL | ||
| 005 | 20250823063045.0 | ||
| 007 | t| | ||
| 008 | 050103s1929 sp ||||1| spa d | ||
| 100 | 1 |
_aLafuente Ferrari, Enrique, _d1898-1985 _969538 |
|
| 245 | 1 | 4 |
_aLas tablas de Sopetrán / _cpor Enrique Lafuente Ferrari. |
| 260 |
_aMadrid : _bFototipia de Hauser y Menet, _c1929. |
||
| 300 |
_a27 p., [4] h. de lám. ; _c27 cm. |
||
| 530 | _aDisponible en formato digital. | ||
| 610 | 2 | 4 |
_aMonasterio de Nuestra Señora de Sopetrán. _9172731 |
| 650 | 7 |
_aPintura flamenca _2embne _916046 |
|
| 710 | 2 |
_aHauser y Menet (Madrid) _94558 |
|
| 852 |
_aES-MaACL _j1745-F-19 _cDEPOF _zRevisado enlace:06 de Abril de 2025 _991369 |
||
| 852 |
_aES-MaACL _j1725-F-16 _cDEPOF _zRevisado enlace:06 de Abril de 2025 _991368 |
||
| 856 |
_uhttps://patrimoniodigital.castillalamancha.es/es/consulta/registro.do?id=60173 _yBiblioteca Digital de Castilla-La Mancha |
||
| 942 | _2udc | ||
| 999 |
_c88140 _d88140 |
||